01050nas a2200241Ia 4500001001100000003000900011008004100020040001300061040001300074041001300087100003800100210001900138222001900157245011600176250001100292260005300303501008600356300001100442310001600453362004100469500026200510650003600772R011/H8175IT-RoPAU151124c99999999xx |||||||||||| ||und|| aIT-RoPAU cIT-RoPAU aITALIANO aAA.VV. gCodice Aut. SPICS: 12000 aCINEMASESSANTA aCinemasessanta aCINEMA SESSANTA, ANNO 48-N.291 (GENNAIO-MARZO 2007)bCinema Sessanta, Anno 48-N.292/293 (Aprile-Settembre 2007) a1a ed. aREGGIO CALABRIAbCITTA' DEL SOLE EDIZIONI c2007 bPaulus - SPICS - Società San Paolo EM (non-commercial uses only)cCopyright2015 a184 p. aTRIMESTRALE aANNO 048, N.291 (GENNAIO-MARZO 2007) aFelice Connubio. Ancora Sugli Anni di Piombo. Cinema e Letteratura. Parola, Volto, Suono e Anima Silenzio (2). Roberto Gavioli e Paul Campani tra Animazione e Pubblicità Autore. Malik tra Visione Panica e Geografia Spazio Mentale. Pazzi di Lombroso Alla M aCINEMAvPUBBLICAZIONE PERIODICA